UM Logo

College algebra with corequisite support/ (Record no. 16869)

MARC details
000 -LEADER
fixed length control field 00570nam a22001697a 4500
008 - FIXED-LENGTH DATA ELEMENTS--GENERAL INFORMATION
fixed length control field 220420b ||||| |||| 00| 0 eng d
020 ## - INTERNATIONAL STANDARD BOOK NUMBER
International Standard Book Number 9781260576023
082 ## - DEWEY DECIMAL CLASSIFICATION NUMBER
Edition number 2021
Classification number DC 512.9
Item number M612
100 ## - MAIN ENTRY--PERSONAL NAME
Personal name Miller, Julie, author
9 (RLIN) 45075
245 ## - TITLE STATEMENT
Title College algebra with corequisite support/
Statement of responsibility, etc. Julie Miller, Donna Gerken, authors
260 ## - PUBLICATION, DISTRIBUTION, ETC. (IMPRINT)
Place of publication, distribution, etc. New York, NY:
Name of publisher, distributor, etc. Mc Graw Hill,
Date of publication, distribution, etc. 2021.
300 ## - PHYSICAL DESCRIPTION
Extent v, 932 pages:
Other physical details illustrations;
Dimensions 27 cm.
500 ## - GENERAL NOTE
General note Includes appendices and index.
650 ## - SUBJECT ADDED ENTRY--TOPICAL TERM
Topical term or geographic name as entry element Algebra
9 (RLIN) 45076
700 ## - ADDED ENTRY--PERSONAL NAME
Personal name Gerken, Donna,
Relator term author
9 (RLIN) 45077
942 ## - ADDED ENTRY ELEMENTS (KOHA)
Source of classification or shelving scheme Dewey Decimal Classification
Koha item type Circulation
Holdings
Withdrawn status Lost status Source of classification or shelving scheme Damaged status Not for loan Collection code Home library Current library Date acquired Source of acquisition Cost, normal purchase price Total Checkouts Full call number Barcode Date last seen Price effective from Koha item type
    Dewey Decimal Classification     Circulation UM Digos College - LIC UM Digos College - LIC 02/10/2022 Purchased 6225.00   DC 512.9 M612 2021 26542 05/15/2025 04/20/2022 Circulation